000
00262nam a22001097a 4500
008
160622b xxu||||| |||| 00| 0 eng d
100
_9
425
_a
Capps, C,
245
_a
Avoid Tragedy
260
_a
Eng
_b
Harrison House
_c
1980
300
_a
Avoid Tragedy
942
_2
ddc
_c
BK
999
_c
348
_d
348